Squadra dell'anno UEFA - Statistics

Statistiche generali
  • Questo quiz è stato fatto 12 volte
  • Il punteggio medio è 181 su 220
Statistiche sulle risposte
Ruolo Nazione Squadra Giocatore % Corretto
Centrocampista Italia Juventus Andrea Pirlo
100%
Attaccante | Centrocampista Portogallo Juventus | Manchester Utd | Manchester Utd / Real Madrid | +2 others Cristiano Ronaldo
100%
Centrocampista Paesi Bassi Ajax / Barcellona Frenkie de Jong
100%
Portiere Italia Juventus Gianluigi Buffon
100%
Difensore Italia Juventus Giorgio Chiellini
100%
Portiere Spagna Real Madrid Iker Casillas
100%
Attaccante Francia Paris Saint-Germain Kylian Mbappé
100%
Attaccante | Centrocampista Argentina Barcellona Lionel Messi
100%
Centrocampista Croazia Real Madrid Luka Modrić
100%
Attaccante Brasile Barcellona | Paris Saint-Germain Neymar
100%
Attaccante Polonia Bayern Monaco Robert Lewandowski
100%
Attaccante Brasile Inter / Real Madrid Ronaldo
100%
Difensore Spagna Real Madrid Sergio Ramos
100%
Difensore Brasile Milan | Milan / Paris Saint-Germain | Paris Saint-Germain Thiago Silva
100%
Attaccante Svezia Inter | Inter / Barcellona | Paris Saint-Germain Zlatan Ibrahimović
100%
Portiere Brasile Liverpool Alisson
89%
Centrocampista Spagna Barcellona Andrés Iniesta
89%
Attaccante Ucraina Milan Andrij Shevchenko
89%
Attaccante Francia Atlético Madrid Antoine Griezmann
89%
Difensore Spagna Barcellona Carles Puyol
89%
Difensore Brasile Barcellona | Juventus / Paris Saint-Germain | Siviglia Dani Alves
89%
Difensore Austria Bayern Monaco David Alaba
89%
Difensore Uruguay Atlético Madrid Diego Godín
89%
Attaccante | Centrocampista Belgio Chelsea Eden Hazard
89%
Difensore Italia Juventus / Real Madrid Fabio Cannavaro
89%
Centrocampista Galles Tottenham | Tottenham / Real Madrid Gareth Bale
89%
Difensore Spagna Barcellona Gerard Piqué
89%
Centrocampista Colombia Real Madrid James Rodríguez
89%
Centrocampista Brasile Milan | Milan / Real Madrid Kaká
89%
Centrocampista Belgio Manchester City Kevin De Bruyne
89%
Difensore Italia Juventus Leonardo Bonucci
89%
Portiere Germania Bayern Monaco Manuel Neuer
89%
Portiere Germania Barcellona Marc-André ter Stegen
89%
Difensore Brasile Real Madrid Marcelo
89%
Difensore Paesi Bassi Ajax / Juventus Matthijs de Ligt
89%
Centrocampista Francia Chelsea N'Golo Kanté
89%
Difensore Italia Milan Paolo Maldini
89%
Centrocampista Francia Juventus Paul Pogba
89%
Difensore Francia Real Madrid Raphaël Varane
89%
Attaccante Senegal Liverpool Sadio Mané
89%
Attaccante Camerun Barcellona Samuel Eto'o
89%
Centrocampista Germania Bayern Monaco / Real Madrid | Real Madrid Toni Kroos
89%
Difensore Inghilterra Liverpool Trent Alexander-Arnold
89%
Difensore Paesi Bassi Liverpool Virgil van Dijk
89%
Centrocampista Spagna Barcellona Xavi
89%
Centrocampista Francia Juventus / Real Madrid | Real Madrid Zinédine Zidane
89%
Difensore Italia Lazio / Milan | Milan Alessandro Nesta
78%
Difensore Canada Bayern Monaco Alphonso Davies
78%
Difensore Scozia Liverpool Andrew Robertson
78%
Centrocampista Paesi Bassi Bayern Monaco Arjen Robben
78%
Difensore BaBrasile | Brasile Milan Cafu
78%
Centrocampista Inghilterra Manchester Utd | Manchester Utd / Real Madrid David Beckham
78%
Attaccante Francia Juventus David Trezeguet
78%
Attaccante Spagna Liverpool Fernando Torres
78%
Centrocampista Portogallo Real Madrid Luís Figo
78%
Centrocampista Germania Real Madrid | Real Madrid / Arsenal Mesut Özil
78%
Centrocampista Repubblica Ceca Juventus Pavel Nedvěd
78%
Portiere Repubblica Ceca Chelsea Petr Čech
78%
Difensore Germania Bayern Monaco Philipp Lahm
78%
Centrocampista Brasile Barcellona Ronaldinho
78%
Centrocampista 'Inghilterra | Inghilterra Liverpool Steven Gerrard
78%
Centrocampista Argentina Real Madrid / Manchester Utd Ángel Di María
67%
Difensore Inghilterra Arsenal | Chelsea Ashley Cole
67%
Centrocampista Spagna Arsenal Cesc Fàbregas
67%
Centrocampista Paesi Bassi Inter / Milan | Milan Clarence Seedorf
67%
Attaccante Spagna Valencia / Barcellona David Villa
67%
Attaccante Costa d'Avorio Chelsea Didier Drogba
67%
Centrocampista Francia Bayern Monaco Franck Ribéry
67%
Difensore Italia Juventus / Barcellona Gianluca Zambrotta
67%
Difensore Germania Bayern Monaco Jérôme Boateng
67%
Difensore Inghilterra Chelsea John Terry
67%
Difensore Germania Bayern Monaco Joshua Kimmich
67%
Difensore Brasile Inter Maicon
67%
Centrocampista Germania Borussia Dortmund Marco Reus
67%
Centrocampista Francia Arsenal Patrick Vieira
67%
Difensore Brasile Real Madrid Roberto Carlos
67%
ATAttaccante Paesi Bassi Manchester Utd Ruud van Nistelrooij
67%
Attaccante Francia Arsenal Thierry Henry
67%
Centrocampista Paesi Bassi Inter Wesley Sneijder
67%
Difensore Francia Manchester Utd Patrice Evra
56%
Difensore Portogallo Porto / Chelsea Ricardo Carvalho
56%
Centrocampista Spagna Bayern Monaco / Liverpool Thiago Alcántara
56%
Difensore Romania Ajax Cristian Chivu
44%
Difensore Francia Olympique Lione / Barcellona Éric Abidal
44%
Centrocampista Germania Bayer Leverkusen / Bayern Monaco Michael Ballack
44%
Centrocampista Irlanda Blackburn Damien Duff
11%
Centrocampista Spagna Liverpool Luis García
11%
Centrocampista Portogallo Porto Maniche
11%
Difensore Portogallo Porto Paulo Ferreira
11%
Difensore Finlandia Liverpool Sami Hyypiä
11%
Portiere Spagna Valencia Santiago Cañizares
11%
Difensore Francia Bayern Monaco Bixente Lizarazu
0%
Difensore Romania Alavés / Milan Cosmin Contra
0%
Centrocampista Argentina Valencia Kily González
0%
Difensore Svezia Bayern Monaco / Barcellona Patrik Andersson
0%
Portiere Turchia Fenerbahçe Rüştü Reçber
0%
Nessun quiz corrispondente trovato
Distribuzione punteggi
Percentuale di utenti per punteggio
Percentile per numero di risposta
I tuoi punteggi nel tempo
Non hai fatto questo quiz